• 首页
  • 本馆介绍
  • 公告通知
  • 最新文献
  • 馆藏检索
  • 电子资源
  • 读者导购
  • 参考咨询
  • 我的图书馆
  • 登录
  • 详细信息显示
  • 放入我的书架
  • 预约/预借图书
  • 作者相关作品
  • 分类相关作品
  • 丛书相关作品
  • 出版社相关作品

书目信息

  • 表格格式
  • 工作单格式
  • 卡片格式
题名:
摄影师的视觉感受
    
 
作者: 施特勒贝尔 著 ;陈建中 , 纪伟国 译
分册:  
出版信息: 北京   中国摄影出版社  1998.8
页数: 330页
开本: 26cm
丛书名:
单 册:
中图分类: J406
科图分类:
主题词: 摄影艺术--美术理论
电子资源:
ISBN: 7-80007-236-3
000 00707nam0 2200217 45
001 0012251662
005 20041209154431.4
010    @a7-80007-236-3@dCNY48.00
100    @a20001225d1998 km y0chiy0120 ea
101 0  @achi@ceng
105    @a z 000yy
200 1  @a摄影师的视觉感受@AShe Ying Shi De Shi Jue Gan Shou@f(美)莱斯利·施特勒贝尔等著@F(Mei)Lai Si Li·Shi Te Le Bei Er Deng Zhu@g陈建中,纪伟国译
210    @a北京@c中国摄影出版社@d1998.8
215    @a330页@c图@d26cm
606 0  @a摄影艺术@x美术理论
690    @aJ406@v1
701  0 @a施特勒贝尔@4著
702  0 @a陈建中@AChen Jian Zhong@4译
702  0 @a纪伟国@AJi Wei Guo@4译
801    @aCN@bTSTC@c20001225
905    @b294308-312@dJ406@e112@f5
    
    摄影师的视觉感受/(美)莱斯利·施特勒贝尔等著/陈建中,纪伟国译.-北京:中国摄影出版社,1998.8
    330页:图;26cm
    
    
    ISBN 7-80007-236-3:CNY48.00
    
●
相关链接 在E读中查询图书 在五车中查询图书 在当当中查询图书 在豆瓣中查询图书


正题名:摄影师的视觉感受     索取号:J406/112         预约/预借

序号 登录号 条形码 馆藏地/架位号 状态 备注
1 0294308   002943088   第一借阅区/ [索取号:J406/112] 在馆    
2 0294309   002943097   第一借阅区/ [索取号:J406/112] 在馆    
3 0294310   002943104   第一借阅区/ [索取号:J406/112] 在馆    
4 0294311   002943113   第一借阅区/ [索取号:J406/112] 在馆    
5 0294312   002943122   第一样本阅览室/ [索取号:J406/112] 在馆    
唐山师范学院图书馆 欢迎您!
大连网信软件有限公司© 版权所有